Обменное дипольное взаимодействие в многоуровневой кооперативной системе атомов; Журнал экспериментальной и теоретической физики; Т. 125, вып. 1

Dades bibliogràfiques
Parent link:Журнал экспериментальной и теоретической физики=ЖЭТФ/ Российская академия наук (РАН) ; Отделение физических наук РАН.— , 1931-.— 0044-4510
Т. 125, вып. 1.— 2004.— с. 19-29
Autor principal: Орленко Е. В.
Altres autors: Матисов Б. Г.
Idioma:rus
Publicat: 2004
Col·lecció:Атомы, спектры, излучение
Matèries:
Format: MixedMaterials Capítol de llibre
KOHA link:https://koha.lib.tpu.ru/cgi-bin/koha/opac-detail.pl?biblionumber=431625

MARC

LEADER 00000naa2a2200000 4500
001 431625
005 20231101075411.0
035 |a (RuTPU)RU\TPU\prd\91784 
035 |a RU\TPU\prd\24038 
090 |a 431625 
100 |a 20101202a2004 k y0rusy50 ca 
101 0 |a rus 
102 |a RU 
200 1 |a Обменное дипольное взаимодействие в многоуровневой кооперативной системе атомов  |f Е. В. Орленко, Б. Г. Матисов 
225 1 |a Атомы, спектры, излучение 
320 |a Библиогр.: 14 назв. 
461 1 |0 (RuTPU)RU\TPU\prd\1443  |x 0044-4510  |t Журнал экспериментальной и теоретической физики  |l ЖЭТФ  |f Российская академия наук (РАН) ; Отделение физических наук РАН  |d 1931- 
463 1 |0 (RuTPU)RU\TPU\prd\91782  |t Т. 125, вып. 1  |v с. 19-29  |d 2004 
610 1 |a дипольное взаимодействие 
610 1 |a системы атомов 
610 1 |a каскадные процессы 
610 1 |a гамильтонианы 
610 1 |a целочисленные спины 
610 1 |a энергии кооперативной системы 
610 1 |a населенность 
610 1 |a сверхизлучение 
610 1 |a квантовые системы 
700 1 |a Орленко  |b Е. В. 
701 1 |a Матисов  |b Б. Г. 
801 1 |a RU  |b 63413507  |c 20040318  |g PSBO 
801 2 |a RU  |b 63413507  |c 20101202  |g RCR 
942 |c BK